Brand strategy
Αποθηκεύτηκε σε:
| Κύριος συγγραφέας: | |
|---|---|
| Μορφή: | Βιβλίο |
| Γλώσσα: | English |
| Δημοσίευση: |
Cambridge :
Director books,
1990
|
| Θέματα: | |
| Ετικέτες: |
Προσθήκη ετικέτας
Δεν υπάρχουν, Καταχωρήστε ετικέτα πρώτοι!
|
MARC
| LEADER | 00000nam a2200000 i 4500 | ||
|---|---|---|---|
| 001 | 1/55919 | ||
| 008 | 960513s1990 eng d | ||
| 020 | |a 1-87055-530-9 | ||
| 035 | |l 10027934 | ||
| 040 | |a GR-MY-UA |b gre |e aacr | ||
| 041 | 0 | |a eng | |
| 082 | 0 | |a 658.827 | |
| 100 | 1 | |a Murphy, John M. |d 1944- | |
| 245 | 1 | 0 | |a Brand strategy / |c John M. Murphy |
| 260 | |a Cambridge : |b Director books, |c 1990 | ||
| 300 | |a 186 p. | ||
| 500 | |a Includes index | ||
| 650 | 0 | 0 | |a Marketing. Role of brand names. |
| 852 | |a INST |b CHIOS |e 19960513 |h 658.827 MUR |p 005200008470 |q 005200008470 |t BK |y 4 |x 20131031 | ||
| 909 | |a Χ |b 044718 | ||